00936nam a2200217 4500001000700000003000900007005001700016007000300033008004100036080001700077245002800094260009500122300003600217500008200253500006300335710007800398711007700476852002400553999001900577952012200596139260ES-MaACL20230906195735.0t|070214s1915 fr r ||||1| fre d a001(44)(074)03aLa science française. aParis : bMinistère de l'Instruction Publique et des Beaux-Arts,c1915 (fImp. Larousse) a2 v., 35 lám. ; c23 x 15 cm. aPrecede al tít.: Exposition Universelle et Internationale de San Francisco. aLas h. de lám. todas con retratos de franceses ilustres.2 aFrancia. bMinistère de l'Instruction Publique et des Beaux-Arts.941661 aExposition Universelle et Internationale de San Francisco (d1915?)9718 aES-MaACLjB-326-327 c139260d139260 00104070aATENEOMbATENEOMcSPBd2008-01-17eSCl0oB-326-327p1144923r2023-02-23 00:00:00w2023-02-23yMONOGRAFIA